Представление документа в формате RUSMARC

ПолеНазваниеЗначение
  Тип записи a
  Библиографический уровень m
001 Контрольный номер LIBNET\0000779245
005 Дата корректировки 20220714094958.5
010 Индекс ISBN __
a ISBN 978-5-496-03007-6
d Цена 293-30
100 Данные общей обработки __
a Данные общей обработки 19170517d20 ## |||y0rusy0189 ca
101 Язык документа 0_
a Язык текста rus
c Язык оригинала eng
102 Страна публикации __
a Страна публикации RU
102 Страна публикации __
a Страна публикации RU
105 Кодированные данные (монография) __
a Кодированные данные (монография) a###g######zy
200 Заглавие и сведения об ответственности 1_
a Заглавие Зачем нам нужны книги?
e Сведения, относящиеся к заглавию [для детей старше 6 лет]
f Первые сведения об ответственности Алекс Вулф ; [перевела на русский А. Басова ; ил. Дэвид Энтрам]
210 Выходные данные 1_
a Место издания Санкт-Петербург
c Издательство Питер
d Дата издания 2017
215 Физическое описание __
a Объем 31, [1] с.
c Иллюстрации/тип воспроизводства цв. ил.
225 Серия (Журнальная рубрика) 2_
a Серия (Журнальная рубрика) Я хочу все знать
225 Серия (Журнальная рубрика) 2_
a Серия (Журнальная рубрика) Серия "Вы и ваш ребенок"
300 Общие примечания __
a Общие примечания На обл.: Соответствует ФГОС
333 Примечание о целевом назначении __
a Примечание о целевом назначении 6+
606 Тематические рубрики __
a Основная рубрика Образование. Педагогика
606 Тематические рубрики __
a Основная рубрика Семейное воспитание и образование
606 Тематические рубрики __
a Основная рубрика Книжное дело
606 Тематические рубрики __
a Основная рубрика История книги
610 Ключевые слова 0_
a Ключевые слова книгопечатание
610 Ключевые слова 0_
a Ключевые слова детская литература
610 Ключевые слова 0_
a Ключевые слова книги электронные
610 Ключевые слова 0_
a Ключевые слова издательское дело
686 Индексы других классификаций __
2 Код системы rubbk
a Индекс ББК 74.9
686 Индексы других классификаций __
a Индекс ББК 76.10
700 Автор _1
a Фамилия Вулф
b Имя А.
c Титул (звания) английский писатель, популяризатор
g Полное личное имя Алекс
701 Альтернативная интеллектуальная ответственность (другие авторы) _1
a Фамилия Басова
c Титул (звания) переводчик
g Полное личное имя Анастасия
4 Код отношения 730
701 Альтернативная интеллектуальная ответственность (другие авторы) _1
a Фамилия Энтрам
c Титул (звания) английский художник-иллюстратор
g Полное личное имя Дэвид
4 Код отношения 440
801 Источник записи _0
a Страна RU
b Организация РГДБ
c Дата составления 20170517
801 Источник записи _1
a Страна RU
b Организация РГДБ
c Дата составления 20170517
801 Источник записи _2
a Страна RU
b Организация РГДБ
c Дата составления 20170517
801 Источник записи _2
a Страна RU
b Организация Центральная районная библиотека им. Г. А. Пирожникова
c Дата составления 20170517
852 Данные о местонахождении __
j Шифр хранения 74.9
i Авторский знак В 88
b Сигла хранения 22
901 Тип документа __
t Тип документа m
902 Роль лиц __
a Создатель БЗ ОКиО/Кашаева
990 Данные о заказе (DOS) __
j Количество экземпляров (DOS) 1
h N записи в КСУ для Б/У (DOS) 2017-16